| 000 | 00521cam a2200193 4500 | ||
|---|---|---|---|
| 001 | J110938 | ||
| 008 | 000000n2000 000 0 eng u | ||
| 035 | _a(Sirsi) u110938 | ||
| 050 | _a333.337 | ||
| 110 |
_aDTZ Research _93886 |
||
| 245 | 4 | _aThe central London office market: locational loyalty | |
| 260 |
_aLondon _bDTZ _c2000 |
||
| 300 | _a10p. ; 30m. | ||
| 650 | _aLONDON | ||
| 650 | _aOFFICES | ||
| 650 | _aPROPERTY MARKET | ||
| 690 | _aPROPERTY-COMMERCIAL PROPERTY-COMMERCIAL PROPERTY MARKET | ||
| 942 | _n0 | ||
| 999 |
_c101165 _d101165 |
||